Computer : the user perspective

Bibliographic Details
Main Author: Stallings, Warren D.
Other Authors: Hutchinson, Sarah E., Sawyer, Stacey C.
Format: Book
Language:English
Published: St.Louis : Times Mirror/Mosby College Publishing , c1988
Subjects:

MARC

LEADER 00000cam a2200000 7i4500
001 0000000245
005 20230517.0
008 991123 mou eng
020 |a 0801647525 (hbk) 
040 |a INS 
090 0 0 |a QA76.5   |b .S696 1988 
100 1 |a Stallings, Warren D. 
245 1 0 |a Computer :   |b the user perspective   |c Warren D. Stallings, Sarah E. Hutchinson, Stacey C. Sawyer 
260 |a St.Louis :   |b Times Mirror/Mosby College Publishing ,   |c c1988 
300 |a xxxiv, 747 p. :   |b col., ill. ;   |c 26 cm. 
500 |a Includes index 
650 0 |a Microcomputers 
700 1 |a Hutchinson, Sarah E. 
700 1 |a Sawyer, Stacey C. 
999 |a 0000004553   |b BOOK   |c Open Shelf   |e Default branch